K voprosu o razgraničenii frazeologičeskich edinic s točki zrenija sinonimii i antonimii. (Na materiale russkich i slovackich FE, vključajušich životnych.) K otázke vymedzovania frazeologických jednotiek z hľadiska synonymie a antonymie (na materiáli ruských a slovenských FJ, označujúcich živočíchov.)

Bibliographic Details
Main Author: Opalková, Jarmila, 1957- (Author)
Format: Article
Language:Russian
Slovak
Subjects:

MARC

LEADER 00000nab a2200000 a 4500
001 vtls000413646
003 SK-MaSNL
005 20260303190906.0
008 120925c1989 xo 0 rus
015 |a SNBRA19rr/mm-uuuuu 
035 |a CL0413771 
040 |a SNKBUCL  |b slo  |c SNKBUCL  |e AACR2 
041 0 |a slo 
044 |a xo  |c SK 
080 |a 801.314:801.312  |2 1981 
080 |a 801.312  |2 1981 
080 |a 808.54  |2 1981 
080 |a 808.2  |2 1981 
100 1 |a Opalková, Jarmila,  |d 1957-  |4 aut  |9 102615 
245 1 0 |a K voprosu o razgraničenii frazeologičeskich edinic s točki zrenija sinonimii i antonimii. (Na materiale russkich i slovackich FE, vključajušich životnych.)  |b K otázke vymedzovania frazeologických jednotiek z hľadiska synonymie a antonymie (na materiáli ruských a slovenských FJ, označujúcich živočíchov.)  |c Jarmila Opalkova 
500 |a Res. v slov., nem. 
650 0 7 |a slovenčina  |2 snkbucl  |9 1350 
650 0 7 |a ruština  |2 snkbucl  |9 1346 
650 0 7 |a frazeológia  |2 snkbucl  |9 1507 
650 0 7 |a synonymia  |2 snkbucl  |9 74005 
650 0 7 |a antonymia  |2 snkbucl  |9 24728 
655 7 |a články zo zborníkov  |2 snkbucl  |9 166140 
773 0 |t Jazykovedný zborník 7/1986  |d Bratislava : SPN, 1989 
850 |a Slovenská národná knižnica v Martine  |a MTA001 
852 |a SNK  |b KIS3GCP 
958 |a RK 
992 |a RZB 
999 |c 2138440  |d 2140370